<?xml version="1.0" encoding="UTF-8"?>
<record
    xmlns:xsi="http://www.w3.org/2001/XMLSchema-instance"
    xsi:schemaLocation="http://www.loc.gov/MARC21/slim http://www.loc.gov/standards/marcxml/schema/MARC21slim.xsd"
    xmlns="http://www.loc.gov/MARC21/slim">

  <leader>02009nam a2200241Ia 4500</leader>
  <controlfield tag="003">OSt</controlfield>
  <controlfield tag="005">20210429105657.0</controlfield>
  <controlfield tag="008">210310s1972    ag     gr     000 0 spa d</controlfield>
  <datafield tag="040" ind1=" " ind2=" ">
    <subfield code="a">CO-JMCR</subfield>
    <subfield code="c">CO-JMCR</subfield>
  </datafield>
  <datafield tag="041" ind1="0" ind2=" ">
    <subfield code="a">spa</subfield>
  </datafield>
  <datafield tag="082" ind1="0" ind2="4">
    <subfield code="a">336.02 /</subfield>
    <subfield code="b">V732c</subfield>
    <subfield code="2">23</subfield>
  </datafield>
  <datafield tag="100" ind1="1" ind2=" ">
    <subfield code="a">Villegas, H&#xE9;ctor B., </subfield>
    <subfield code="9">15217</subfield>
    <subfield code="e">autor</subfield>
  </datafield>
  <datafield tag="245" ind1="1" ind2="0">
    <subfield code="a">Curso de finanzas : </subfield>
    <subfield code="b">derecho financiero y tributario / </subfield>
    <subfield code="c">H&#xE9;ctor B. Villegas</subfield>
  </datafield>
  <datafield tag="260" ind1=" " ind2=" ">
    <subfield code="a">Buenos Aires : </subfield>
    <subfield code="b">Ediciones Depalma, </subfield>
    <subfield code="c">1972</subfield>
  </datafield>
  <datafield tag="300" ind1=" " ind2=" ">
    <subfield code="b">xxi, 426 p&#xE1;ginas ; </subfield>
    <subfield code="c">22 cm.</subfield>
  </datafield>
  <datafield tag="504" ind1=" " ind2=" ">
    <subfield code="a">Bibliograf&#xED;a al final de cada cap&#xED;tulo.</subfield>
  </datafield>
  <datafield tag="505" ind1="0" ind2=" ">
    <subfield code="a">Ciencia de las finanzas y actividad financiera -- Los gastos p&#xFA;blicos -- Los recursos del Estado -- Los tributos. El impuesto -- Los tributos (cont.). Las tasas. Las contribuciones especiales. Las contribuciones parafiscales -- Limitaciones al poder tributario -- Derecho financiero y derecho tributario -- Interpretaci&#xF3;n y aplicaci&#xF3;n de la Ley tributaria -- Derecho tributario material -- Derecho tributario formal -- Derecho tributario procesal -- Derecho penal tributario -- Sistema tributario -- Distribuci&#xF3;n de facultades tributarias en la Argentina. Finanzas provinciales y municipales -- Impuesto a la renta -- Impuesto inmobiliario -- Impuesto al mayor valor -- Impuesto a los actos jur&#xED;dicos, mutaciones y transmisiones patrimoniales de bienes muebles e inmuebles, impuesto de justica, impuesto al parque automotor -- Impuesto a la transmisi&#xF3;n gratuita de bienes. Impuesto sustitutivo del gravamen a la trasmisi&#xF3;n gratuita de bienes -- Impuesto aduaneros -- Impuesto internos -- Impuesto a las ventas -- Impuesto a las actividades lucrativas. Impuesto al aprendizaje industrial -- El cr&#xE9;dito p&#xFA;blico -- El cr&#xE9;dito p&#xFA;blico (cont.). -- El presupuesto -- El presupuesto (cont.). -- Pol&#xED;tica financiera y pol&#xED;tica fiscal</subfield>
  </datafield>
  <datafield tag="650" ind1="1" ind2="4">
    <subfield code="a">Finanzas</subfield>
    <subfield code="9">15219</subfield>
    <subfield code="v">Compendios, sinopsis, etc..</subfield>
  </datafield>
  <datafield tag="650" ind1="2" ind2="4">
    <subfield code="a">Hacienda p&#xFA;blica</subfield>
    <subfield code="9">37244</subfield>
  </datafield>
  <datafield tag="650" ind1="2" ind2="4">
    <subfield code="a">Derecho financiero</subfield>
    <subfield code="9">6669</subfield>
  </datafield>
  <datafield tag="650" ind1="2" ind2="4">
    <subfield code="a">Derecho fiscal</subfield>
    <subfield code="9">37245</subfield>
  </datafield>
  <datafield tag="942" ind1=" " ind2=" ">
    <subfield code="2">ddc</subfield>
    <subfield code="c">BK</subfield>
  </datafield>
  <datafield tag="999" ind1=" " ind2=" ">
    <subfield code="c">7707</subfield>
    <subfield code="d">7707</subfield>
  </datafield>
  <datafield tag="952" ind1=" " ind2=" ">
    <subfield code="0">0</subfield>
    <subfield code="1">0</subfield>
    <subfield code="2">ddc</subfield>
    <subfield code="4">0</subfield>
    <subfield code="7">0</subfield>
    <subfield code="8">NFIC</subfield>
    <subfield code="a">CPL</subfield>
    <subfield code="b">CPL</subfield>
    <subfield code="d">2018-04-15</subfield>
    <subfield code="e">Donaci&#xF3;n</subfield>
    <subfield code="o">336.02 / V732c</subfield>
    <subfield code="p">430004242</subfield>
    <subfield code="r">2024-05-16 00:00:00</subfield>
    <subfield code="t">Ej.1</subfield>
    <subfield code="y">BK</subfield>
  </datafield>
</record>
